00306nam a2200121Ia 4500008004100000082001600041100001900057245004700076250000800123260003700131300000800168650000800176191201s2009 xx 000 0 und d a658.84bBAB aBALLOU, Ronald 0aBusiness Logistics Supply Chain Management a1st aN.DelhibPearson Educationc2009 a800 aMBA